000 00755nam a2200241Ia 4500
003 OSt
005 20220923214913.0
006 a|||||r|||| 00| 0
007 ta
008 220922b |||||||| |||| 00| 0 hin d
024 _a173,643
037 _cTextual
040 _aARTS
_cARTS
_bhin
041 _2hin
_ahin
082 _aO152:6M64x, F8
100 _aद्वीवेदी, महावीर प्रसाद
245 0 _aलेखांजलि
246 _aLekhāanjali
260 _c1928
490 _aहिन्दी-पुस्तक-एजेन्सी-माला; 52
942 _hO152:6M64x, F8
_cTEXL
_2CC
999 _c327507
_d327507